I.4. L’affaire Peter Trawny (notice n° 1655769)

détails MARC
000 -LEADER
fixed length control field 01447cam a2200169 4500500
005 - DATE AND TIME OF LATEST TRANSACTION
control field 20260208010247.0
041 ## - LANGUAGE CODE
Language code of text/sound track or separate title fre
042 ## - AUTHENTICATION CODE
Authentication code dc
100 10 - MAIN ENTRY--PERSONAL NAME
Personal name Wolin, Richard
Relator term author
245 00 - TITLE STATEMENT
Title I.4. L’affaire Peter Trawny
260 ## - PUBLICATION, DISTRIBUTION, ETC.
Date of publication, distribution, etc. 2017.<br/>
500 ## - GENERAL NOTE
General note 9
520 ## - SUMMARY, ETC.
Summary, etc. The recent publication of the first three volumes of Heidegger’s “Black Notebooks” ( Gesamtausgabe volumes 94-96) has given rise to a new genre of apologetics. In seeking to minimize or deny the philosopher’s intellectual support for Third Reich criminality, his more vehement supporters have perpetuated the Master’s obfuscations and dissemblance. One finds a particularly egregious instance of these practices in the case of two recent “essays” by longtime Heidegger editor, Peter Trawny: Heidegger and Anti-Semitism and The Freedom to Wander with Heidegger. This is the same Peter Trawny who, while editing GA ( Die Geschichte des Seyns), saw fit to omit the philosopher’s claim that “one must ask oneself what the basis is for the particular predetermination of the Jewish community for planetary criminality.” In retrospect, this remark stands as an unequivocal incitement to Vernichtung, or genocide.
700 10 - ADDED ENTRY--PERSONAL NAME
Personal name Darmon, Claire
Relator term author
786 0# - DATA SOURCE ENTRY
Note Revue d’Histoire de la Shoah | 207 | 2 | 2017-10-01 | p. 69-96 | 2111-885X
856 41 - ELECTRONIC LOCATION AND ACCESS
Uniform Resource Identifier <a href="https://shs.cairn.info/revue-d-histoire-de-la-shoah-2017-2-page-69?lang=fr&redirect-ssocas=7080">https://shs.cairn.info/revue-d-histoire-de-la-shoah-2017-2-page-69?lang=fr&redirect-ssocas=7080</a>

Pas d'exemplaire disponible.

PLUDOC

PLUDOC est la plateforme unique et centralisée de gestion des bibliothèques physiques et numériques de Guinée administré par le CEDUST. Elle est la plus grande base de données de ressources documentaires pour les Étudiants, Enseignants chercheurs et Chercheurs de Guinée.

Adresse

627 919 101/664 919 101

25 boulevard du commerce
Kaloum, Conakry, Guinée

Réseaux sociaux

Powered by Netsen Group @ 2025